Текст томруулах:    
People and power in the Pacific (Бичлэгийн дугаар. 145958)
000 -УДИРДЛАГА
Удирдлага 00855nam a22002657a 4500
003 - ХЯНАЛТЫН ТОО ТОДОРХОЙЛОГЧ
Код MN-UlNUM
005 - БИЧИЛТ ХИЙСЭН ОГНОО
Тухайн бичилтийг бичсэн засварласан сүүлийн огноо 20251217125933.0
008 - ЕРӨНХИЙ МЭДЭЭЛЭЛ
Ерөнхий мэдээлэл 251217s1992 ph ab|b| |||| 00| 0 eng |
020 ## - ISBN
ISBN 0935028609
040 ## - БИЧЛЭГ ҮҮСГЭГЧ БАЙГУУЛЛАГА
Бичлэг үүсгэгч номын сангийн код МУИС-ийн номын сан
084 ## - ББК АНГИЛАЛ
Нэмэлт тусгалт Бусад
ББК ангилал 63.3(4)
Зохиогчийн гурван тэмдэгт W 18
Мэдлэгийн ялгаа 63 - Түүх
100 1# - ЗОХИОГЧ
Зохиогчийн нэр Bello, Walden F.
245 10 - ҮНДСЭН ГАРЧИГ
Номын нэр People and power in the Pacific
Бага гарчгийн мэдээ The struggle for the post-Cold War order
Оролцогчдын тухай мэдээ Walden Bello ; foreword by Renato Constantino.
246 14 - ЗЭРЭГЦЭЭ ГАРЧИГ
Зэрэгцээ гарчиг People & power in the Pacific
260 ## - ГАРАЛТЫН МЭДЭЭ
Хэвлэгдсэн газар Quezon City :
Хэвлэлийн газар Foundation for Nationalist Studies,
Хэвлэгдсэн он [1992]
300 ## - МАТЕРИАЛЫН ТОДОРХОЙЛОЛТ
хуудасны тоо xii, 147 p. :
Бусад тоон мэдээлэл ill., maps ;
Хэмжээ 21 cm.
500 ## - Тайлбар
Дансны дугаар БС 4597
546 ## - ХЭЛНИЙ ТУХАЙ МЭДЭЭ
Хэл Англи хэл дээр,
653 ## - Түлхүүр үг
Түлхүүр үг pacific Area
653 ## - Түлхүүр үг
Түлхүүр үг politics and government
653 ## - Түлхүүр үг
Түлхүүр үг economic conditions
942 ## - ЭЛЕМЕНТИЙН ТӨРӨЛ
Зүйлийн төрөл Ном